Международная научно-техническая конференция студентов и молодых ученых "Молодежь. Наука. Технологии". Т. 1 (Запись № 11669742)

Подробности
000 -МАРКЕР
контрольное поле 02933nam2a2200265 4500
001 - ИДЕНТИФИКАТОР ЗАПИСИ
контрольное поле RU\NLR\BIBL_A\012054688
005 - ИДЕНТИФИКАТОР ВЕРСИИ
контрольное поле 20190828091444.0
021 ## - НОМЕР ГОСУДАРСТВЕННОЙ РЕГИСТРАЦИИ
Код страны Российская Федерация
Номер КН-П-19-044632
Номер Листа государственной регистраци КН-П-19-3266
021 ## - НОМЕР ГОСУДАРСТВЕННОЙ РЕГИСТРАЦИИ
Код страны Российская Федерация
Номер КН-П-19-044632
Номер Листа государственной регистраци КН-П-19-3851
035 ## - ДРУГИЕ СИСТЕМНЫЕ НОМЕРА
Идентификатор записи (NLR Aleph) 012054688
035 ## - ДРУГИЕ СИСТЕМНЫЕ НОМЕРА
Идентификатор записи (RuMoRGB)010015168
100 ## - ДАННЫЕ ОБЩЕЙ ОБРАБОТКИ
Данные общей обработки 20190708d2018 k y0rusy50 ca
101 0# - ЯЗЫК РЕСУРСА
Язык текста, звукозаписи и т.д. русский
Язык резюме английский
Язык оглавления английский
102 ## - СТРАНА ПУБЛИКАЦИИ ИЛИ ПРОИЗВОДСТВА
Страна публикации Российская Федерация
105 ## - ПОЛЕ КОДИРОВАННЫХ ДАННЫХ: ТЕКСТОВЫЕ МАТЕРИАЛЫ, МОНОГРАФИЧЕСКИЕ
Кодированные данные о монографическом текстовом документе ab||z|||100zy
200 0# - ЗАГЛАВИЕ И СВЕДЕНИЯ ОБ ОТВЕТСТВЕННОСТИ
Основное заглавие Т. 1
215 ## - ФИЗИЧЕСКАЯ ХАРАКТЕРИСТИКА
Специфическое обозначение материала и объем 226 с.
Другие сведения о физической характеристике ил., карт.
461 #0 - УРОВЕНЬ НАБОРА
Встроенное поле 001RU\NLR\BIBL_A\012054687
-- 2001#$aМеждународная научно-техническая конференция студентов и молодых ученых "Молодежь. Наука. Технологии"$eсборник материалов [конференции, проходившей в рамках конгресса$eв 2 т.]$fИНТЕРЭКСПО ГЕО-Сибирь, XIV Международный научный конгресс, [23-27 апреля 2018 г., Новосибирск], Министерство образования и науки Российской Федерации, Федеральное государственное бюджетное образовательное учреждение высшего образования "Сибирский государственный университет геосистем и технологий" (СГУГиТ)$vТ. 1
Системный номер (АБИС) связанной записи 11669736
Автор "Молодежь. Наука. Технологии", международная научно-техническая конференция студентов и молодых ученых (2018 ; Новосибирск)
Место публикации Новосибирск
Дата публикации 2018
Первые сведения об ответственности ИНТЕРЭКСПО ГЕО-Сибирь, XIV Международный научный конгресс, [23-27 апреля 2018 г., Новосибирск], Министерство образования и науки Российской Федерации, Федеральное государственное бюджетное образовательное учреждение высшего образования "Сибирский государственный университет геосистем и технологий" (СГУГиТ)
Имя издателя, распространителя и т.д. СГУГиТ
Сведения, относящиеся к заглавию сборник материалов [конференции, проходившей в рамках конгресса : в 2 т.]
Заглавие Международная научно-техническая конференция студентов и молодых ученых "Молодежь. Наука. Технологии"
Номер тома Т. 1
606 1# - НАИМЕНОВАНИЕ ТЕМЫ КАК ПРЕДМЕТ
Наименование темы Земельный кадастр
Формальный подзаголовок Съезды, совещания и т.п
Тематический подзаголовок Геодезическое обеспечение
Системный номер авторитетной/нормативной записи 2113068
Идентификатор авторитетной/нормативной записи RU\NLR\AUTH\661276840
686 1# - ИНДЕКСЫ ДРУГИХ КЛАССИФИКАЦИЙ
Индекс Д143я431(0)
942 ## - ДОПОЛНИТЕЛЬНЫЕ ЭЛЕМЕНТЫ ЗАПИСИ (АБИС)
Тип экземпляра АБИС Книга
980 ## - КОЛЛЕКЦИЯ
Название коллекции Национальная библиография
Экземпляры
Тип экземпляра Дата поступления Источник поступления Библиотека постоянного хранения Библиотека текущего хранения Место хранения Шифр хранения Штрих-код Статус экземпляра Стоимость
Книга 08.07.2019 Обязательный экземпляр РНБ (Московский) РНБ (Московский) Русский книжный фонд: издания с 1957 года 2019-3/18116 1-2794469    
Книга 28.08.2019 Обязательный экземпляр РНБ (Московский) РНБ (Московский) Русский книжный фонд: издания с 1957 года 2019-3/18116 1-2838367   0.00